Era uma vez... (Registo nº 3228)

Detalhes MARC
000 -Etiqueta do registo
Cabeçalho 00820nbm a22003011 4500
005 - Identificador da versão
Campo de controlo 20240813121956.0
095 ## -
-- PTBN00059755
010 ## - Número internacional normalizado dos livros (ISBN)
Número (ISBN) 972610467X
021 ## - Número do Depósito Legal
Código do país PT
Número 171546/01
100 ## - Dados gerais de processamento
Dados gerais de processamento 20070306d2001 cd y0pory5003 ba
102 ## - Pais de publicação ou produção
País de publicação Portugal
101 0# - Língua de publicação
Língua do texto, banda sonora, etc. Português
106 ## - Campo de dados codificados: material textual
Dados codificados do material textual r
105 ## - Campo de dados codificados: livros
Dados codificados dos livros a z 000fy
215 ## - Descrição física 
Indicação específica da natureza do documento e extensão da espécie 27, [2] p.
Outras indicações físicas il.
Dimensões 22 cm
200 1# - Titulo e menção de responsabilidade
Título próprio Era uma vez...
Primeira menção de responsabilidade Papiniano Carlos
Outras menções de responsabilidade il. Simona Traina
225 2# - Colecção 
Título próprio da colecção Palmo e meio
Indicação de volume 20
205 ## - Menção da edição
Menção da edição 1ª ed
210 ## - Publicação, Distribuição, etc. 
Lugar da edição, distribuição, etc. Porto
Nome do editor, distribuidor, etc. Campo das Letras
Data da publicação, distribuição, etc. 2001
606 ## - Nome comum usado como assunto
Número de registo de entrada de autoridade 0000364
Palavra de ordem Literatura portuguesa infanto-juvenil
Subdivisão de assunto Conto
675 ## - Classificação Decimal Universal (CDU)
Notação 821.134.3-34
Edição
Língua da edição por
702 #1 - Nome de autor-pessoa física (responsabilidade secundária)
Número de registo de entrada de autoridade 0000802
Palavra de ordem Traina
Outra parte do nome não tomada para palavra de ordem Simona
Código de função Ilustrador / Técnico de desenho computorizado
700 #1 - Nome de autor-pessoa física (responsabilidade principal)
Número de registo de entrada de autoridade 0002524
Palavra de ordem Carlos
Outra parte do nome não tomada para palavra de ordem Papiniano
942 ## - Elementos de entrada adicionados (Koha)
Tipo de item no Koha Livro
Exemplares
Situação do levantamento Origin of item (home branch) (coded) Biblioteca de empréstimo Código de barras Cota Circulation type (not for loan) Tipo de documento Nota do exemplar Damaged status
  Biblioteca Escolar da Coca Maravilhas Biblioteca Escolar da Coca Maravilhas BECM7757/07 8POR CAR   Livro Sem mensagem